The modern workplace 2018 (Record no. 116184)
[ view plain ]
| 000 -LEADER | |
|---|---|
| fixed length control field | 00979cam a22002055a 4500 |
| 001 - CONTROL NUMBER | |
| control field | L160064 |
| 008 - FIXED-LENGTH DATA ELEMENTS--GENERAL INFORMATION | |
| fixed length control field | 180515s2018 xxk f 000 0 eng d |
| 035 ## - SYSTEM CONTROL NUMBER | |
| System control number | (Sirsi) u160064 |
| 041 0# - LANGUAGE CODE | |
| Language code of text/sound track or separate title | eng |
| 110 2# - MAIN ENTRY--CORPORATE NAME | |
| Corporate name or jurisdiction name as entry element | Condeco |
| 9 (RLIN) | 6207 |
| 245 04 - TITLE STATEMENT | |
| Title | The modern workplace 2018 |
| Remainder of title | People, places and technology |
| Medium | electronic resource] |
| 520 ## - SUMMARY, ETC. | |
| Summary, etc. | Reviews the state of the current workspace, identify trends that are changing working environments, consider the issues surrounding meeting management and look at the rise of agile working. |
| 590 ## - LOCAL NOTE (RLIN) | |
| Local note | NTK |
| 650 24 - SUBJECT ADDED ENTRY--TOPICAL TERM | |
| Topical term or geographic name entry element | FLEXIBLE WORKING |
| 650 24 - SUBJECT ADDED ENTRY--TOPICAL TERM | |
| Topical term or geographic name entry element | AGILE |
| 651 #4 - SUBJECT ADDED ENTRY--GEOGRAPHIC NAME | |
| Geographic name | United Kingdom |
| Chronological subdivision | |
| 690 ## - LOCAL SUBJECT ADDED ENTRY--TOPICAL TERM (OCLC, RLIN) | |
| Topical term or geographic name as entry element | Facilities management |
| 9 (RLIN) | 6240 |
| 856 40 - ELECTRONIC LOCATION AND ACCESS | |
| Uniform Resource Identifier | <a href="https://https://www.condecosoftware.com/wp-content/uploads/2018/04/Condeco-workplace-report-2018-web.pdf?utm_campaign=Global%20-%202018%20-%20The%20Modern%20Workplace%202018&utm_source=Landing%20Page&utm_medium=Download">https://https://www.condecosoftware.com/wp-content/uploads/2018/04/Condeco-workplace-report-2018-web.pdf?utm_campaign=Global%20-%202018%20-%20The%20Modern%20Workplace%202018&utm_source=Landing%20Page&utm_medium=Download</a> |
| Public note | View the item free of charge from www.condecosoftware.com. |
| 942 ## - ADDED ENTRY ELEMENTS (KOHA) | |
| Suppress in OPAC | 0 |
| Withdrawn status | Lost status | Source of classification or shelving scheme | Damaged status | Not for loan | Home library | Current library | Shelving location | Date acquired | Total Checkouts | Full call number | Barcode | Date last seen | Copy number | Price effective from | Koha item type |
|---|---|---|---|---|---|---|---|---|---|---|---|---|---|---|---|
| Dewey Decimal Classification | London | London | Online | 15/05/2018 | ONLINE PUBLICATION | 160064-1001 | 06/08/2019 | 1 | 06/08/2019 | Book |